Marine ecology : a comprehensive, integrated treatise on life in oceans and coastel waters

Αποθηκεύτηκε σε:
Λεπτομέρειες βιβλιογραφικής εγγραφής
Άλλοι συγγραφείς: Kinne, Otto (Επιμελητής έκδοσης)
Μορφή: Βιβλίο
Γλώσσα:English
Δημοσίευση: Chichester : John Wiley and sons, 1970-1978
Θέματα:
Ετικέτες: Προσθήκη ετικέτας
Δεν υπάρχουν, Καταχωρήστε ετικέτα πρώτοι!

MARC

LEADER 00000nam a2200000 i 4500
001 1/9175
008 970129m19701978 eng d
020 |a 0-471-48001-0 (v.1 p.1) 
020 |a 0-471-48004-5 (v.2 p.1) 
020 |a 0-471-48007-X (v.3 p.3) 
020 |a 0-471-48008-8 (v.4) 
035 |l 10017376 
040 |a GR-MY-UA  |b gre  |e aacr 
041 0 |a eng 
082 0 |a 574.52636 
245 1 0 |a Marine ecology :  |b a comprehensive, integrated treatise on life in oceans and coastel waters /  |c editor Otto Kinne 
260 |a Chichester :   |b John Wiley and sons,   |c 1970-1978 
300 |a 5 v. 
504 |a Περιέχει ευρετήριο 
505 0 |a Vol.I, Part.1: Environmental factors -- Vol.II, Part.1: Physiological mechanisms -- Vol.III, Part.3: Cultivation -- Vol.IV: Dynamics 
650 0 0 |a Marine ecology. 
650 0 0 |a Marine biology. 
700 1 |a Kinne, Otto.  |4 edt 
852 |a INST  |b LESVOS  |e 19970129  |h 574.52636 MAR  |p 005100012111  |q 005100012111  |t BK  |y 0  |z v.4 
852 |a INST  |b LESVOS  |e 19970129  |h 574.52636 MAR  |p 005100012112  |q 005100012112  |t BK  |y 0  |z v.3:p.3 
852 |a INST  |b LESVOS  |e 19970129  |h 574.52636 MAR  |p 005100012113  |q 005100012113  |t BK  |y 0  |z v.3:p.2 
852 |a INST  |b LESVOS  |e 19970129  |h 574.52636 MAR  |p 005100012114  |q 005100012114  |t BK  |y 0  |z v.2:p.1 
852 |a INST  |b LESVOS  |e 19970129  |h 574.52636 MAR  |p 005100012115  |q 005100012115  |t BK  |y 0  |z v.1:p.1 
852 |a INST  |b LESVOS  |e 19970129  |h 574.52636 MAR  |p 005100012111  |q 005100012111  |t BK  |v v.4:  |y 0  |z v.4 
852 |a INST  |b LESVOS  |e 19970129  |h 574.52636 MAR  |p 005100012112  |q 005100012112  |t BK  |v v.3;p.3:  |y 0  |z v.3:p.3 
852 |a INST  |b LESVOS  |e 19970129  |h 574.52636 MAR  |p 005100012113  |q 005100012113  |t BK  |v v.3;p.2:  |y 0  |z v.3:p.2 
852 |a INST  |b LESVOS  |e 19970129  |h 574.52636 MAR  |p 005100012114  |q 005100012114  |t BK  |v v.2;p.1:  |y 0  |z v.2:p.1 
852 |a INST  |b LESVOS  |e 19970129  |h 574.52636 MAR  |p 005100012115  |q 005100012115  |t BK  |v v.1;p.1:  |y 0  |z v.1:p.1 
853 |a INST  |b LESVOS  |h 574.52636 MAR 
909 |a Λ  |b 01878 
909 |a Λ  |b 01876 
909 |a Λ  |b 01877 
909 |a Λ  |b 02100 
909 |a Λ  |b 02101